Statistiche per Scuderie con il maggior numero di Vittorie in Formula 1

Clicka qui per fare il quiz!

Statistiche generali

  • Questo quiz è stato fatto 13 volte
  • Il punteggio medio è 8 su 10

Statistiche sulle risposte

NazioneVittorieScuderia% Corretto
Italia243Ferrari
100%
Regno Unito183McLaren
91%
Germania125Mercedes
91%
Regno Unito / Austria109Red Bull
91%
Regno Unito114Williams
91%
Regno Unito / Italia27Benetton
82%
Regno Unito / Francia36Renault
82%
Regno Unito79Team Lotus
82%
Regno Unito23Tyrrell
64%
Regno Unito35Brabham
55%

Distribuzione punteggi

Percentile per numero di risposta

Percentuale di utenti per punteggio

I tuoi punteggi nel tempo

Non hai fatto questo quiz